Logo CIB grande

Ship Design For Efficiency And Economy (Registro nro. 222435)

Detalles MARC
000 -LEADER
campo de control de longitud fija 00691nam a2200241Ia 4500
005 - FECHA Y HORA DE LA ÚLTIMA TRANSACCIÓN
campo de control 20250425162114.0
008 - DATOS DE LONGITUD FIJA--INFORMACIÓN GENERAL
campo de control de longitud fija 250425s9999 xx 000 0 und d
020 ## - NÚMERO INTERNACIONAL ESTÁNDAR DEL LIBRO
Número Internacional Estándar del Libro 0750641339
041 ## - CÓDIGO DE IDIOMA
Código de lengua del texto/banda sonora o título independiente eng
082 ## - NÚMERO DE LA CLASIFICACIÓN DECIMAL DEWEY
Número de clasificación 623.81
Iniciales del Autor SCH
010 ## - NÚMERO DE CONTROL DE LA BIBLIOTECA DEL CONGRESO
Número de control de LC 50521
100 ## - ENTRADA PRINCIPAL--NOMBRE DE PERSONA
Nombre de persona Schneekluth, H.
245 #0 - MENCIÓN DEL TÍTULO
Título Ship Design For Efficiency And Economy
Mención de responsabilidad, etc. H. Schneekluth; V. Bertram
250 ## - MENCION DE EDICION
Mención de edición Second Edition
260 ## - PUBLICACIÓN, DISTRIBUCIÓN, ETC.
Lugar de publicación, distribución, etc. Oxford
Nombre del editor, distribuidor, etc. BUTTERWORTH HEINEMANN
Fecha de publicación, distribución, etc. 1998
300 ## - DESCRIPCIÓN FÍSICA
Extensión 220 p.
Otras características físicas Gráficos
Dimensiones 24 cm.
500 ## - NOTA GENERAL
Nota general Contenido, apéndice, índice
504 ## - NOTA DE BIBLIOGRAFÍA, ETC.
Nota de bibliografía, etc. Nota Referencia bibliográfica
650 ## - PUNTO DE ACCESO ADICIONAL DE MATERIA--TÉRMINO DE MATERIA
Término de materia o nombre geográfico como elemento de entrada Arquitectura Naval
650 ## - PUNTO DE ACCESO ADICIONAL DE MATERIA--TÉRMINO DE MATERIA
Término de materia o nombre geográfico como elemento de entrada Construcción Naval
700 ## - ENTRADA AGREGADA--NOMBRE PERSONAL
Nombre de persona Bertram, V.
Término indicativo de función/relación Coautor
942 ## - ELEMENTOS DE ENTRADA SECUNDARIOS (KOHA)
Tipo de ítem Koha Libros
Existencias
Estatus retirado Estado de pérdida Estado de daño No para préstamo Biblioteca de origen Biblioteca actual Fecha de adquisición Coste, precio normal de compra Etiqueta RFID Total de préstamos Código de barras Copia número Tipo de ítem Koha
        CENTRO DE INFORMACIÓN BIBLIOTECARIA CENTRO DE INFORMACIÓN BIBLIOTECARIA 11/08/2003 25.00 0000000000000000037669   46012 1 Libros

Copyright 2025 ESPOL. Todos los derechos reservados.